01156pam a2200313 a 4500001001000000003000400010005001700014008004100031020002500072020002200097040003000119082002200149100004300171245006000214250003200274260006400306300003400370500002300404500002700427500002400454504004100478650002600519650006100545653002200606655002400628942002200652999001700674952015100691015874692OSt20201128021037.0110818t2012 at a frbd 001 0 eng d a9781111534103 (pbk.) a1111534101 (pbk.) aStDuBDSbengcStDuBDSdUk04a174.9004222bREY1 aReynolds, George Walter,d1944-91134610aEthics in information technology /cGeorge W. Reynolds. a4th ed.,binternational ed. a[Canberra] :bCourse Technology, Cengage Learning,cc.2012. axxi, 498 p. :bill. ;c23 cm. aIncludes appendix. aGlossary : p. 461-471. aIndex : p. 473-498. aIncludes bibliographical references. 0aBusiness ethics91146 0aInformation technologyxMoral and ethical aspects935753 bCOMSCIcMarch2014 vreading book934232 2ddck174.9004 REY c18146d18118 00102ddc40708BaccahaMAINbMAINcLOWd2014-03-23epurchaseg480.00l3m1o174.9004 REYp000035789r2025-07-15 00:00:00s2022-01-09v600.00yBB